Normal view
MARC view
- Fodor, Janos
Entry Personal Name
001 - CONTROL NUMBER
- control field: 81811
003 - CONTROL NUMBER IDENTIFIER
- control field: NUST
005 - DATE AND TIME OF LATEST TRANSACTION
- control field: 20210827152225.0
008 - FIXED-LENGTH DATA ELEMENTS
- fixed length control field: 210827|| aca||aabn | a|a d
040 ## - CATALOGING SOURCE
- Original cataloging agency: NUST
- Transcribing agency: NUST
100 ## - HEADING--PERSONAL NAME
- Personal name: Fodor, Janos
670 ## - SOURCE DATA FOUND
- Source citation: Work cat.: (NUST)31965: Fodor, Janos, Soft Computing Based Modeling in Intelligent Systems /, c2009.
